<?xml version="1.0" encoding="UTF-8"?><?xml-stylesheet type="text/xsl" href="static/style.xsl"?><OAI-PMH xmlns="http://www.openarchives.org/OAI/2.0/" xmlns:xsi="http://www.w3.org/2001/XMLSchema-instance" xsi:schemaLocation="http://www.openarchives.org/OAI/2.0/ http://www.openarchives.org/OAI/2.0/OAI-PMH.xsd"><responseDate>2026-06-03T23:23:02Z</responseDate><request verb="GetRecord" identifier="oai:riuma.uma.es:10630/38809" metadataPrefix="marc">https://riuma.uma.es/rest/oai/request</request><GetRecord><record><header><identifier>oai:riuma.uma.es:10630/38809</identifier><datestamp>2026-02-03T11:25:17Z</datestamp><setSpec>com_10630_2254</setSpec><setSpec>col_10630_37953</setSpec></header><metadata><record xmlns="http://www.loc.gov/MARC21/slim" xmlns:dcterms="http://purl.org/dc/terms/" xmlns:doc="http://www.lyncode.com/xoai" xmlns:xsi="http://www.w3.org/2001/XMLSchema-instance" xsi:schemaLocation="http://www.loc.gov/MARC21/slim http://www.loc.gov/standards/marcxml/schema/MARC21slim.xsd">
   <leader>00925njm 22002777a 4500</leader>
   <datafield ind2=" " ind1=" " tag="042">
      <subfield code="a">dc</subfield>
   </datafield>
   <datafield ind2=" " ind1=" " tag="720">
      <subfield code="a">Bravo Nieto, Antonio</subfield>
      <subfield code="e">author</subfield>
   </datafield>
   <datafield ind2=" " ind1=" " tag="720">
      <subfield code="a">Ramírez-González, Sergio</subfield>
      <subfield code="e">author</subfield>
   </datafield>
   <datafield ind2=" " ind1=" " tag="260">
      <subfield code="c">2020</subfield>
   </datafield>
   <datafield ind2=" " ind1=" " tag="520">
      <subfield code="a">La forteresse de Mersa el-Kébir, al-Marsā al-Kabīr, en Algérie, fut bâtie par ordre expresse du roi Philippe II, afin de consolider la présence espagnole sur la côte nord-africaine. Pour mener à bien ces travaux, il désigna des ingénieurs italiens tels que Juan Bautista Antonelli et Jacome Palearo Fratín, ainsi que des experts militaires comme Vespasiano Gonzaga. Le processus de construction reflète un questionnement permanent sur le système de fortification à utiliser, se traduisant par des solutions très originales. C'est le cas des portes où on peut constater différents apports, ceux des Juan Bautista Antonelli et ensuite les rectifications réalisées par les frères Fratín, Jacome et Jorge. A noter aussi que c'est particulièrement dans&#xd;
les entrées de ce complexe fortifié que l’ornementation est la plus remarquable. Cet effort artistique peut s’expliquer la matérialisation de la présence monarchique espagnole en ces lieux. La présente étude analysera les différentes portes de cette forteresse, en dévoilant les circonstances de sa construction et de ses multiples restaurations. L’étude s’étend sur la période allant du XVIe au XVIIIe siècle.</subfield>
   </datafield>
   <datafield ind1="8" ind2=" " tag="024">
      <subfield code="a">Bravo Nieto, Antonio y Ramírez González, Sergio: “El sistema de puertas de la fortaleza de Mazalquivir (المرسى الكبير), Argelia, durante el reinado de Felipe II”, Al-Sabîl. Revue d’Histoire, d’Archéologie et d’Architecture Maghrébines, nº 9, 2020, pp. 1-26.</subfield>
   </datafield>
   <datafield ind1="8" ind2=" " tag="024">
      <subfield code="a">https://hdl.handle.net/10630/38809</subfield>
   </datafield>
   <datafield tag="653" ind2=" " ind1=" ">
      <subfield code="a">Arquitectura militar - Argelia</subfield>
   </datafield>
   <datafield tag="653" ind2=" " ind1=" ">
      <subfield code="a">Fortificaciones</subfield>
   </datafield>
   <datafield tag="653" ind2=" " ind1=" ">
      <subfield code="a">Puertas (Arquitectura)</subfield>
   </datafield>
   <datafield ind2="0" ind1="0" tag="245">
      <subfield code="a">El sistema de puertas de la fortaleza de Mazalquivir (المرسى الكبير), Argelia, durante el reinado de Felipe II.</subfield>
   </datafield>
</record>
</metadata></record></GetRecord></OAI-PMH>